|
|
|
|
| LEADER |
03216nam a22005295i 4500 |
| 001 |
978-3-319-51862-6 |
| 003 |
DE-He213 |
| 005 |
20170307173450.0 |
| 007 |
cr nn 008mamaa |
| 008 |
170307s2017 gw | s |||| 0|eng d |
| 020 |
|
|
|a 9783319518626
|9 978-3-319-51862-6
|
| 024 |
7 |
|
|a 10.1007/978-3-319-51862-6
|2 doi
|
| 040 |
|
|
|d GrThAP
|
| 050 |
|
4 |
|a QC175.16.C6
|
| 072 |
|
7 |
|a PHM
|2 bicssc
|
| 072 |
|
7 |
|a SCI057000
|2 bisacsh
|
| 072 |
|
7 |
|a SCI074000
|2 bisacsh
|
| 082 |
0 |
4 |
|a 539
|2 23
|
| 100 |
1 |
|
|a Ulmanis, Juris.
|e author.
|
| 245 |
1 |
0 |
|a Heteronuclear Efimov Scenario in Ultracold Quantum Gases
|h [electronic resource] :
|b Universality in Systems with Large Mass Imbalance /
|c by Juris Ulmanis.
|
| 264 |
|
1 |
|a Cham :
|b Springer International Publishing :
|b Imprint: Springer,
|c 2017.
|
| 300 |
|
|
|a XVIII, 125 p. 45 illus., 44 illus. in color.
|b online resource.
|
| 336 |
|
|
|a text
|b txt
|2 rdacontent
|
| 337 |
|
|
|a computer
|b c
|2 rdamedia
|
| 338 |
|
|
|a online resource
|b cr
|2 rdacarrier
|
| 347 |
|
|
|a text file
|b PDF
|2 rda
|
| 490 |
1 |
|
|a Springer Theses, Recognizing Outstanding Ph.D. Research,
|x 2190-5053
|
| 505 |
0 |
|
|a Introduction -- Two-body Interactions Between Li and Cs Atoms -- Universality of LiCs2 Efimov Resonances -- Short-range Effects in LiCs2 Efimov Resonances.-Conclusion and outlook.
|
| 520 |
|
|
|a This thesis represents a decisive breakthrough in our understanding of the physics of universal quantum-mechanical three-body systems. The Efimov scenario is a prime example of how fundamental few-body physics features universally across seemingly disparate fields of modern quantum physics. Initially postulated for nuclear physics more than 40 years ago, the Efimov effect has now become a new research paradigm not only in ultracold atomic gases but also in molecular, biological and condensed matter systems. Despite a lot of effort since its first observations, the scaling behavior, which is a hallmark property and often referred to as the “holy grail” of Efimov physics, remained hidden until recently. In this work, the author demonstrates this behavior for the first time for a heteronuclear mixture of ultracold Li and Cs atoms, and pioneers the experimental understanding of microscopic, non-universal properties in such systems. Based on the application of Born-Oppenheimer approximation, well known from molecular physics textbooks, an exceptionally clear and intuitive picture of heteronuclear Efimov physics is revealed.
|
| 650 |
|
0 |
|a Physics.
|
| 650 |
|
0 |
|a Quantum physics.
|
| 650 |
|
0 |
|a Phase transformations (Statistical physics).
|
| 650 |
|
0 |
|a Condensed materials.
|
| 650 |
|
0 |
|a Condensed matter.
|
| 650 |
|
0 |
|a Low temperature physics.
|
| 650 |
|
0 |
|a Low temperatures.
|
| 650 |
1 |
4 |
|a Physics.
|
| 650 |
2 |
4 |
|a Quantum Gases and Condensates.
|
| 650 |
2 |
4 |
|a Quantum Physics.
|
| 650 |
2 |
4 |
|a Low Temperature Physics.
|
| 710 |
2 |
|
|a SpringerLink (Online service)
|
| 773 |
0 |
|
|t Springer eBooks
|
| 776 |
0 |
8 |
|i Printed edition:
|z 9783319518619
|
| 830 |
|
0 |
|a Springer Theses, Recognizing Outstanding Ph.D. Research,
|x 2190-5053
|
| 856 |
4 |
0 |
|u http://dx.doi.org/10.1007/978-3-319-51862-6
|z Full Text via HEAL-Link
|
| 912 |
|
|
|a ZDB-2-PHA
|
| 950 |
|
|
|a Physics and Astronomy (Springer-11651)
|